La educación de los padres

Gespeichert in:
Bibliographische Detailangaben
1. Verfasser: Isambert, André (VerfasserIn)
Format: Buch
Sprache:Spanisch
Veröffentlicht: Barcelona Planeta 1975
Ausgabe:8a. ed
Schriftenreihe:Paideia Biblioteca Práctica de Pedagogía, Psicología y Psicopatología de la Infancia, 26
Schlagworte:
Tags: Tag hinzufügen
Keine Tags, Fügen Sie den ersten Tag hinzu!

MARC

LEADER 00000nam a2200000 a 4500
001 UCZ0440
003 CL-VaPUC
008 950728e19750000SP |||||||||||||||||spa|d
082 0 4 |a 306.43  |b ISA  |2 21 
100 |a Isambert, André  |e author  |9 343287 
245 1 3 |a La educación de los padres 
250 |a 8a. ed 
300 |a 239 p 
942 |c BK 
945 |d 19950728 00:00:00  |a mfernand 
260 |a Barcelona  |b Planeta  |c 1975 
650 0 |a Sociología de la educación   |9 260380 
650 7 |a EDUCACION DE LOS PADRES  |2 CL-VaPUC  |9 338423 
650 7 |a RELACIONES PADRES ESCUELA  |2 CL-VaPUC  |9 337206 
650 0 |a Educación de adultos  |9 307580 
583 |a last modification  |c 19950728 00:00:00  |k Rodrigo Vera 
490 0 |a Paideia Biblioteca Práctica de Pedagogía, Psicología y Psicopatología de la Infancia, 26 
999 |c 237369  |d 237367 
952 |0 0  |1 0  |4 0  |6 306_430000000000000_ISA_1975  |7 0  |8 P  |9 246367  |a BIBEDU  |b BIBEDU  |c BIBEDU_PB  |d 2019-11-18  |i 1546333  |o 306.43 ISA 1975  |p 1546333  |r 2024-01-25  |w 2019-11-18  |y BK  |k EDU 
952 |0 0  |1 0  |4 0  |6 306_430000000000000_ISA_1975  |7 0  |8 P  |9 246368  |a BIBEDU  |b BIBEDU  |c BIBEDU_PB  |d 2019-11-18  |i 1546368  |o 306.43 ISA 1975  |p 1546368  |r 2024-01-25  |w 2019-11-18  |y BK  |k EDU 
952 |0 0  |1 0  |4 0  |6 306_430000000000000_ISA_1975  |7 0  |8 P  |9 246369  |a BIBEDU  |b BIBEDU  |c BIBEDU_PB  |d 2019-11-18  |i 1546376  |o 306.43 ISA 1975  |p 1546376  |r 2024-01-25  |w 2019-11-18  |y BK  |k EDU 
952 |0 0  |1 0  |4 0  |6 306_430000000000000_ISA_1975  |7 0  |8 P  |9 246370  |a BIBEDU  |b BIBEDU  |c BIBEDU_PB  |d 2019-11-18  |i 1546414  |o 306.43 ISA 1975  |p 1546414  |r 2024-01-25  |w 2019-11-18  |y BK  |k EDU